[Event "C.to Europeo U16 femminile"]
[Site "Fermo ITA"]
[Date "2009.09.08"]
[Round "8"]
[White "Miladinovic, Lena"]
[Black "Suarez Calvo, Alesandra"]
[Result "1/2-1/2"]
[WhiteElo "2026"]
[BlackElo "2023"]
[PlyCount "77"]
[EventDate "2009.08.31"]

1. e4 e6 2. d4 d5 3. Nc3 Nf6 4. e5 Nfd7 5. f4 c5 6. Nf3 Nc6 7. Be3 a6 8. Qd2 b5
9. dxc5 Bxc5 10. Qf2 Bxe3 11. Qxe3 Qb6 12. Qxb6 Nxb6 13. b3 Bb7 14. Ne2 Nd7 15.
Ned4 Rc8 16. Bd3 Nc5 17. Nxc6 Bxc6 18. Nd4 O-O 19. Ke2 Rfe8 20. Rae1 f6 21. Kd2
Bd7 22. g3 Nb7 23. a4 bxa4 24. Bxa6 Rb8 25. bxa4 fxe5 26. Rxe5 Nd6 27. Bb5 Bxb5
28. axb5 Nc4+ 29. Kc3 Nxe5 30. fxe5 Rec8+ 31. Kd3 Rb6 32. Ra1 Rc7 33. Ra5 Kf7
34. Nc6 Kg6 35. Nd4 Kf7 36. Nc6 Rbxc6 37. bxc6 Rxc6 38. Ra4 Rc7 39. Rb4 1/2-1/2

[Event "C.to Europeo U16 femminile"]
[Site "Fermo ITA"]
[Date "2009.09.08"]
[Round "8"]
[White "Monteiro Da Silva, Joana Filipa"]
[Black "Venturelli, Miriam"]
[Result "0-1"]
[WhiteElo "1458"]
[BlackElo "1520"]
[PlyCount "80"]
[EventDate "2009.08.31"]

1. e4 e5 2. Nf3 Nc6 3. Bc4 Nf6 4. d3 Bc5 5. O-O h6 6. Nc3 d6 7. Be3 Bb6 8. d4
exd4 9. Nxd4 Bg4 10. f3 Bd7 11. Qd2 O-O 12. Rad1 Re8 13. Kh1 Nxd4 14. Bxd4 Be6
15. Qe2 Qe7 16. a3 Bxd4 17. Rxd4 a6 18. f4 Rad8 19. e5 Bxc4 20. Rxc4 dxe5 21.
fxe5 Nd5 22. Nxd5 Rxd5 23. e6 f6 24. Qg4 Re5 25. h3 Rxe6 26. Qg3 Re1 27. Rxe1
Qxe1+ 28. Qxe1 Rxe1+ 29. Kh2 Re7 30. Rb4 b6 31. Kg3 Kf7 32. Rc4 Ke8 33. Kg4 Kf7
34. Kg3 Kg6 35. Kg4 f5+ 36. Kh4 Kf6 37. Kh5 c5 38. b4 Re4 39. Rc3 g6+ 40. Kxh6
Rh4# 0-1

[Event "C.to Europeo U16 femminile"]
[Site "Fermo ITA"]
[Date "2009.09.08"]
[Round "8"]
[White "Narva, Triin"]
[Black "Pavlidou, Ekaterini"]
[Result "0-1"]
[WhiteElo "1865"]
[BlackElo "2179"]
[PlyCount "110"]
[EventDate "2009.08.31"]

1. e4 c5 2. Nf3 e6 3. c3 d5 4. exd5 Qxd5 5. d4 Nf6 6. Bd3 Be7 7. O-O O-O 8. c4
Qd8 9. dxc5 Bxc5 10. Nc3 Qc7 11. Bg5 Nbd7 12. Qe2 h6 13. Bh4 Be7 14. Ne4 b6 15.
Bg3 Qd8 16. Nxf6+ Nxf6 17. Rad1 Qe8 18. Nd4 Bb7 19. Rfe1 Bc5 20. Be5 Qe7 21. a3
Nd7 22. b4 Nxe5 23. Qxe5 Bd6 24. Qh5 Qg5 25. Qxg5 hxg5 26. Be4 Bxe4 27. Rxe4
Rfd8 28. g3 Be7 29. Rc1 Rac8 30. Kg2 Bf6 31. Nf3 Rd3 32. Re3 Rxe3 33. fxe3 Bb2
34. Rb1 Bxa3 35. Rb3 Bc1 36. Rc3 Bb2 37. Rc2 Ba3 38. b5 Bc5 39. Kf2 f6 40. Ke2
Rd8 41. Rd2 Rxd2+ 42. Kxd2 g4 43. Ne1 Bb4+ 44. Ke2 Bxe1 45. Kxe1 Kf7 46. Kd2
Ke7 47. Kd3 Kd6 48. Ke4 Kc5 49. Kd3 f5 50. Kc3 e5 51. Kb3 g5 52. Kc3 f4 53.
exf4 exf4 54. Kd3 f3 55. Ke3 Kxc4 0-1

[Event "C.to Europeo U16 femminile"]
[Site "Fermo ITA"]
[Date "2009.09.08"]
[Round "8"]
[White "Nieto Asencio, Maria del Carmen"]
[Black "Messina, Roberta"]
[Result "0-1"]
[WhiteElo "1634"]
[BlackElo "1900"]
[PlyCount "72"]
[EventDate "2009.08.31"]

1. d4 Nf6 2. Nf3 b6 3. e3 Bb7 4. Bd3 g6 5. O-O Bg7 6. Nbd2 O-O 7. Re1 d6 8. c3
e6 9. a4 a6 10. Qc2 c5 11. Ne4 Nd5 12. Bd2 Nc6 13. Ng3 Rc8 14. dxc5 bxc5 15.
Rad1 Nf6 16. e4 Nd7 17. Bg5 Qc7 18. Qe2 Ra8 19. Bc2 Nf6 20. Bf4 e5 21. Bc1 Rfd8
22. Bb3 Na5 23. Ba2 c4 24. Nd2 Rac8 25. Ndf1 Bc6 26. Bxc4 Bxa4 27. b3 Bxb3 28.
Bxb3 Nxb3 29. Qxa6 Qxc3 30. Re3 Qc2 31. Rxd6 Rxd6 32. Qxd6 Nxc1 33. h3 Nb3 34.
Qxe5 Ng4 35. Qb5 Qxf2+ 36. Kh1 Nxe3 0-1

[Event "C.to Europeo U16 femminile"]
[Site "Fermo ITA"]
[Date "2009.09.08"]
[Round "8"]
[White "Palmitessa, Chiara"]
[Black "Dugnaite, Gerda"]
[Result "1-0"]
[WhiteElo "1807"]
[BlackElo "1643"]
[PlyCount "105"]
[EventDate "2009.08.31"]

1. e4 c5 2. Nf3 d6 3. d4 cxd4 4. Nxd4 Nf6 5. Nc3 a6 6. g3 e6 7. Bg2 Be7 8. O-O
O-O 9. Be3 Qc7 10. h3 Nc6 11. Re1 Rd8 12. Nb3 b5 13. a4 b4 14. Ne2 d5 15. a5
dxe4 16. Qc1 Qe5 17. Bf4 Qb5 18. Qe3 Bb7 19. g4 e5 20. Bg3 Qc4 21. g5 Nh5 22.
Bxe4 Bxg5 23. Qxg5 Qxe4 24. Nf4 Nd4 25. Qxd8+ Rxd8 26. Rxe4 Bxe4 27. Nxh5 Bf3
28. Nxd4 Rxd4 29. Nxg7 Rd2 30. Nf5 e4 31. Ne3 Re2 32. Rd1 Kg7 33. Rb1 Kg6 34.
Bd6 f5 35. Bxb4 f4 36. Nd5 Kf5 37. c4 e3 38. fxe3 fxe3 39. Ne7+ Ke6 40. Rf1
Rg2+ 41. Kh1 Rxb2+ 42. Rxf3 Rxb4 43. Rxe3+ Kd6 44. Nc8+ Kc6 45. Nb6 Rb1+ 46.
Kg2 Ra1 47. Re6+ Kc5 48. Re5+ Kb4 49. Kg3 Rxa5 50. Rxa5 Kxa5 51. Nd5 Ka4 52. c5
Kb5 53. Nc7+ 1-0

[Event "C.to Europeo U16 femminile"]
[Site "Fermo ITA"]
[Date "2009.09.08"]
[Round "8"]
[White "Perera Borrego, Mariela"]
[Black "Abdulla, Khayala Mardan Qizi"]
[Result "1-0"]
[WhiteElo "1969"]
[BlackElo "2113"]
[PlyCount "97"]
[EventDate "2009.08.31"]

1. d4 Nf6 2. Nf3 e6 3. e3 b6 4. Bd3 Bb7 5. O-O Be7 6. c4 c5 7. Nc3 d6 8. d5
exd5 9. cxd5 O-O 10. e4 Nbd7 11. h3 a6 12. a4 Re8 13. Bf4 Bf8 14. Qc2 Rc8 15.
b3 Nh5 16. Bh2 g6 17. Rae1 Qf6 18. Ne2 Bh6 19. Nd2 Nf4 20. Nxf4 Bxf4 21. g3
Bxd2 22. Qxd2 Qd4 23. Qe3 Ne5 24. Bb1 c4 25. Qxd4 Nf3+ 26. Kg2 Nxd4 27. bxc4
Rxc4 28. a5 bxa5 29. g4 Rd8 30. Rc1 Rb4 31. Rc7 Nb3 32. Bf4 Ba8 33. Rd1 Kg7 34.
f3 h6 35. h4 Nd4 36. Bd3 Nb5 37. Rc2 Ra4 38. Kg3 Nd4 39. Rc4 Rxc4 40. Bxc4 Nc2
41. Bb3 Nb4 42. Ra1 Nd3 43. Be3 Rc8 44. Rxa5 Bb7 45. Ra1 f6 46. Bd4 Kf7 47. Rb1
Rc1 48. Rxc1 Nxc1 49. Bc4 1-0

[Event "C.to Europeo U16 femminile"]
[Site "Fermo ITA"]
[Date "2009.09.08"]
[Round "8"]
[White "Polin, Giulia"]
[Black "Froewis, Annika"]
[Result "1-0"]
[WhiteElo "1711"]
[BlackElo "1933"]
[PlyCount "105"]
[EventDate "2009.08.31"]

1. e4 e5 2. Nf3 Nc6 3. Bb5 a6 4. Ba4 Nf6 5. O-O Be7 6. Re1 b5 7. Bb3 d6 8. c3
O-O 9. h3 Na5 10. Bc2 c5 11. d3 Nc6 12. Nbd2 g6 13. Nf1 Nh5 14. N3h2 Kh8 15.
Qf3 Bb7 16. Bh6 Ng7 17. Ne3 Bg5 18. Bxg5 Qxg5 19. Qg4 Qd8 20. Nf3 Ne6 21. a4
Ne7 22. Bb3 Nf4 23. Ng5 Qe8 24. Qh4 Nh5 25. Ng4 f6 26. Nxf6 Rxf6 27. g4 h6 28.
Nf7+ Rxf7 29. Bxf7 Qxf7 30. gxh5 gxh5 31. axb5 Rg8+ 32. Kf1 axb5 33. Ra7 Qf3
34. Rxb7 Ng6 35. Qg3 Qh1+ 36. Ke2 Nf4+ 37. Kd2 Rxg3 38. Rxh1 Rxd3+ 39. Kc2 Rf3
40. Rxb5 Rxf2+ 41. Kb3 Rd2 42. Rg1 Nxh3 43. Rb8+ Kh7 44. Rb7+ Kh8 45. Rg6 Nf4
46. Rxh6+ Kg8 47. Rhh7 d5 48. Rhd7 Ne6 49. Rb8+ Nf8 50. Rxd5 Re2 51. Rxe5 Rf2
52. Rxh5 Kg7 53. Rxc5 1-0

[Event "C.to Europeo U16 femminile"]
[Site "Fermo ITA"]
[Date "2009.09.08"]
[Round "8"]
[White "Purgar, Ivona"]
[Black "Arabidze, Meri"]
[Result "0-1"]
[WhiteElo "2079"]
[BlackElo "2217"]
[PlyCount "72"]
[EventDate "2009.08.31"]

1. e4 c6 2. d4 d5 3. Nc3 dxe4 4. Nxe4 Bf5 5. Ng3 Bg6 6. Bc4 e6 7. N1e2 Bb4+ 8.
c3 Bd6 9. Nf4 Bxf4 10. Bxf4 Nf6 11. h4 h6 12. h5 Bh7 13. Bd3 Bxd3 14. Qxd3 O-O
15. Ne4 Nxe4 16. Qxe4 Nd7 17. g4 e5 18. Be3 Nf6 19. Qxe5 Nxg4 20. Qg3 f5 21.
O-O-O Qd5 22. Kb1 Rae8 23. Rhg1 Rf7 24. Bc1 Re2 25. Rd2 Qe4+ 26. Ka1 Nxf2 27.
Rxe2 Qxe2 28. Qb8+ Kh7 29. Bxh6 Nd3 30. Bc1 Qf2 31. Rh1 Qg2 32. Rd1 Qc2 33. Rg1
Nxc1 34. Qg3 Nd3 35. Qg6+ Kg8 36. Rb1 Qh2 0-1

[Event "C.to Europeo U16 femminile"]
[Site "Fermo ITA"]
[Date "2009.09.08"]
[Round "8"]
[White "Salido Polo, Veronica"]
[Black "Hohluka, Arina"]
[Result "1-0"]
[WhiteElo "1880"]
[BlackElo "1654"]
[PlyCount "47"]
[EventDate "2009.08.31"]

1. e4 c5 2. Nf3 e6 3. d4 cxd4 4. Nxd4 a6 5. Nc3 Qc7 6. Be2 b5 7. O-O Bb7 8. Re1
Nf6 9. e5 Nd5 10. Nxd5 Bxd5 11. a4 bxa4 12. Rxa4 Bc5 13. Bf3 Bxd4 14. Rxd4 Bxf3
15. Qxf3 Nc6 16. Rg4 g6 17. Qf6 Rg8 18. Rf4 Nd8 19. Rh4 Qxc2 20. Bg5 Qc5 21.
Rxh7 Rb8 22. h3 d5 23. Rc1 Qf8 24. Rc7 1-0

[Event "C.to Europeo U16 femminile"]
[Site "Fermo ITA"]
[Date "2009.09.08"]
[Round "8"]
[White "Schut, Lisa"]
[Black "Kessler, Michaela"]
[Result "1-0"]
[WhiteElo "2212"]
[BlackElo "1913"]
[PlyCount "35"]
[EventDate "2009.08.31"]

1. e4 c5 2. Nf3 d6 3. d4 cxd4 4. Nxd4 Nf6 5. f3 a6 6. c4 e6 7. Nc3 Qc7 8. Be3
Be7 9. Rc1 b6 10. Be2 Bb7 11. O-O Nbd7 12. b4 Rc8 13. a4 h5 14. Nb3 Ne5 15. a5
Nxc4 16. Bxc4 Qxc4 17. Nd5 Qb5 18. Rxc8+ 1-0

[Event "C.to Europeo U16 femminile"]
[Site "Fermo ITA"]
[Date "2009.09.08"]
[Round "8"]
[White "Sop, Selen"]
[Black "Petrova, Irina"]
[Result "0-1"]
[WhiteElo "1893"]
[BlackElo "1987"]
[PlyCount "170"]
[EventDate "2009.08.31"]

1. c4 e5 2. g3 Nf6 3. Bg2 Nc6 4. Nc3 Bb4 5. Nd5 Bc5 6. d3 h6 7. Nf3 d6 8. O-O
Be6 9. Ne1 O-O 10. Nc2 Bxd5 11. cxd5 Ne7 12. e4 c6 13. dxc6 Nxc6 14. Be3 Qb6
15. b4 Bxe3 16. fxe3 a5 17. bxa5 Rxa5 18. Kh1 Qb2 19. Rb1 Qxa2 20. Rxb7 Rc5 21.
Ne1 Qa3 22. Bh3 Rc1 23. Qb3 Qa1 24. Qb2 Qxb2 25. Rxb2 Rb8 26. Rxb8+ Nxb8 27.
Kg1 Nc6 28. Nf3 Rxf1+ 29. Kxf1 Kf8 30. Ke2 Ke7 31. Kd2 Nd8 32. Ke2 Nb7 33. Nd2
Nh7 34. Nc4 Ng5 35. Bc8 Nc5 36. h4 Nh7 37. Nb6 Nf6 38. Bh3 Ne6 39. Kf3 g6 40.
g4 g5 41. Nd5+ Nxd5 42. exd5 Nc5 43. hxg5 hxg5 44. Ke2 e4 45. dxe4 Kf6 46. Bg2
Ke5 47. Bf3 Nxe4 48. Kd3 Nf6 49. Kc4 Nd7 50. Kb5 Nc5 51. Kc6 Nd3 52. e4 Nc5 53.
Bg2 Nb3 54. Kd7 Nd4 55. Ke7 f6 56. Kd7 Ne2 57. Bf3 Nf4 58. Bh1 Nh3 59. Bf3 Nf2
60. Ke7 Nd3 61. Be2 Nc5 62. Bf3 Nb3 63. Bg2 Nd2 64. Kd7 Nc4 65. Bf1 Ne3 66. Be2
Kxe4 67. Kxd6 Nxd5 68. Ke6 Ne3 69. Kxf6 Kf4 70. Kg6 Nxg4 71. Kh5 Nf6+ 72. Kg6
Ne4 73. Ba6 g4 74. Bc8 g3 75. Bh3 Kf3 76. Kf5 Nf2 77. Bf1 Nd1 78. Ke5 Nc3 79.
Kd4 Ne4 80. Ke5 Kf2 81. Bh3 Ng5 82. Bg2 Kxg2 83. Kf4 Nh3+ 84. Ke3 Kf1 85. Kf3
g2 0-1

[Event "C.to Europeo U16 femminile"]
[Site "Fermo ITA"]
[Date "2009.09.08"]
[Round "8"]
[White "Tsarouha, Marianthi"]
[Black "Johannsdottir, Johanna Bjorg"]
[Result "1/2-1/2"]
[WhiteElo "1763"]
[BlackElo "1721"]
[PlyCount "143"]
[EventDate "2009.08.31"]

1. d4 d5 2. c4 c6 3. Nf3 Nf6 4. Qc2 e6 5. Bd2 Nbd7 6. e3 Bd6 7. Bd3 dxc4 8.
Bxc4 b5 9. Bd3 Bb7 10. O-O a6 11. e4 e5 12. Bg5 h6 13. Bh4 O-O 14. dxe5 Nxe5
15. Nxe5 Bxe5 16. Kh1 Qd7 17. Nc3 Nh5 18. Bg3 Nxg3+ 19. fxg3 c5 20. Rad1 Qc6
21. Nd5 Kh8 22. Be2 c4 23. Bh5 g6 24. Bg4 Rad8 25. Bf3 Qe6 26. g4 Bg7 27. g3
Qe5 28. Rd2 Qg5 29. Re2 Bc8 30. h4 Qe5 31. Kh2 Be6 32. a4 Bd7 33. Ref2 Qe6 34.
Nc7 Qd6 35. Nd5 Be5 36. Rg2 bxa4 37. Ne3 Bb5 38. Nxc4 Qe6 39. Rc1 Rc8 40. Be2
Bd4 41. Qd2 Bg7 42. Ne3 Qxe4 43. Bd1 Rcd8 44. Bc2 Rxd2 45. Bxe4 Rxg2+ 46. Kxg2
Bxb2 47. Rb1 a3 48. Nc2 Bc4 49. h5 gxh5 50. gxh5 Bb3 51. Nxa3 Bxa3 52. Rxb3 Bc5
53. g4 a5 54. Rb5 Bb4 55. Rb7 Kg7 56. Kf3 Bd2 57. Bc2 Kf6 58. Bb3 Bb4 59. Ra7
Bd2 60. Kg2 Bb4 61. Kf3 Bd2 62. Kg2 Rb8 63. Rxf7+ Ke5 64. Bd1 Kd4 65. Rd7+ Kc3
66. Kf3 Bg5 67. Ra7 Kb4 68. Ra6 Rd8 69. Ke2 Rd2+ 70. Ke1 Ra2 71. Ra8 a4 72.
Bxa4 1/2-1/2

[Event "C.to Europeo U16 femminile"]
[Site "Fermo ITA"]
[Date "2009.09.08"]
[Round "8"]
[White "Vasilescu, Maria"]
[Black "Neuhauser, Salome"]
[Result "0-1"]
[WhiteElo "1761"]
[BlackElo "2021"]
[PlyCount "44"]
[EventDate "2009.08.31"]

1. e4 c5 2. Nf3 Nc6 3. d4 cxd4 4. Nxd4 g6 5. Be3 Nf6 6. Nc3 Bg7 7. Bc4 O-O 8.
Bb3 a5 9. f3 d5 10. Bxd5 Nxd5 11. Nxd5 f5 12. c3 fxe4 13. fxe4 e6 14. Nxc6 Qh4+
15. Kd2 bxc6 16. Kc1 exd5 17. exd5 Qe4 18. Re1 cxd5 19. Qd2 Qc4 20. Bf2 Rxf2
21. Qxf2 Bh6+ 22. Re3 Qd3 0-1

[Event "C.to Europeo U16 femminile"]
[Site "Fermo ITA"]
[Date "2009.09.08"]
[Round "8"]
[White "Warmelink, Evie"]
[Black "Uusitupa, Erika"]
[Result "1-0"]
[WhiteElo "1921"]
[BlackElo "1691"]
[PlyCount "91"]
[EventDate "2009.08.31"]

1. e4 c5 2. Nc3 Nc6 3. g3 g6 4. Bg2 Bg7 5. d3 d6 6. f4 e6 7. Nf3 Nge7 8. O-O
O-O 9. Be3 b6 10. d4 Ba6 11. Re1 Qc7 12. Qd2 Na5 13. Bf2 Rac8 14. Ne2 Rfd8 15.
c3 d5 16. e5 Nc4 17. Qc2 Nf5 18. Qc1 Bf8 19. g4 Ng7 20. Bg3 Na5 21. Bh3 h5 22.
gxh5 Nxh5 23. Bh4 Be7 24. Ng5 Ng7 25. Qe3 Nc4 26. Qf3 Nxb2 27. f5 Nxf5 28. Bxf5
exf5 29. Nf4 Re8 30. Nxd5 Qc6 31. Nxe7+ Rxe7 32. d5 Qe8 33. Nh7 Qd8 34. d6 Bb7
35. dxe7 Bxf3 36. exd8=Q+ Rxd8 37. Bxd8 Kxh7 38. Re3 Bh5 39. e6 fxe6 40. Rxe6
f4 41. Bg5 Nd3 42. Rd6 c4 43. Rd7+ Kg8 44. Rxa7 f3 45. Bh4 Bg4 46. Rb1 1-0

[Event "C.to Europeo U16 femminile"]
[Site "Fermo ITA"]
[Date "2009.09.08"]
[Round "8"]
[White "Yashchenko, Olena"]
[Black "Venturelli, Ester"]
[Result "1/2-1/2"]
[WhiteElo "1645"]
[BlackElo "1572"]
[PlyCount "120"]
[EventDate "2009.08.31"]

1. d4 d5 2. c4 e6 3. Nc3 Nf6 4. Bf4 c5 5. e3 a6 6. Nf3 Nc6 7. Rc1 Be7 8. dxc5
Bxc5 9. cxd5 exd5 10. Nxd5 Qxd5 11. Qxd5 Nxd5 12. Rxc5 Nxf4 13. exf4 O-O 14.
Bc4 Re8+ 15. Kf1 Be6 16. Bxe6 Rxe6 17. g3 Rae8 18. Rd5 Nb4 19. Rd7 Rb6 20. Kg2
Nxa2 21. Re1 Kf8 22. Ne5 f6 23. Nc4 Rb4 24. Ra1 Rxc4 25. Rxa2 Rb4 26. Rd2 Re7
27. Ra3 Kf7 28. Re3 b6 29. Kf3 a5 30. g4 a4 31. h3 b5 32. Rc2 Rd7 33. Rce2 Rbd4
34. f5 b4 35. Re4 a3 36. bxa3 bxa3 37. Ra2 Rd3+ 38. Re3 g6 39. fxg6+ Kxg6 40.
Rxa3 Rxa3 41. Rxa3 h5 42. Kg3 hxg4 43. hxg4 Rd4 44. f3 f5 45. Ra6+ Kg5 46. Ra5
Rf4 47. Rb5 Rc4 48. Rxf5+ Kg6 49. Rd5 Rc1 50. g5 Rb1 51. f4 Rg1+ 52. Kf3 Rf1+
53. Ke4 Re1+ 54. Kd4 Rd1+ 55. Ke5 Re1+ 56. Kd6 Re4 57. f5+ Kxg5 58. Re5 Ra4 59.
Ke7 Ra7+ 60. Ke6 Ra6+ 1/2-1/2

[Event "C.to Europeo U16 femminile"]
[Site "Fermo ITA"]
[Date "2009.09.08"]
[Round "8"]
[White "Zakoscielna, Kinga"]
[Black "Haitovich, Avital"]
[Result "1/2-1/2"]
[WhiteElo "2089"]
[BlackElo "1890"]
[PlyCount "87"]
[EventDate "2009.08.31"]

1. e4 c5 2. Nf3 Nc6 3. d4 cxd4 4. Nxd4 Nf6 5. Nc3 e6 6. Ndb5 d6 7. Bf4 e5 8.
Bg5 a6 9. Na3 b5 10. Nd5 Be7 11. Bxf6 Bxf6 12. c3 Bg5 13. Nc2 O-O 14. Be2 f5
15. exf5 Bxf5 16. O-O Kh8 17. a4 Rb8 18. axb5 axb5 19. Ncb4 Nxb4 20. Nxb4 Be4
21. Bd3 Ba8 22. Qe2 Qb6 23. Ra6 Qc5 24. Ra5 e4 25. Bc2 d5 26. Na6 Qb6 27. b4
Rbc8 28. Qxb5 Qxb5 29. Rxb5 Rxc3 30. Bxe4 Bc6 31. Ra5 Bd8 32. Rxd5 Bxd5 33.
Bxd5 Bb6 34. Bf3 Rc2 35. h4 g6 36. Nc5 Bxc5 37. bxc5 Rxc5 38. Kh2 Rf4 39. Kg3
Rcc4 40. h5 g5 41. Re1 Rc3 42. h6 Rf8 43. Re5 Rg8 44. Kg4 1/2-1/2

[Event "C.to Europeo U16 femminile"]
[Site "Fermo ITA"]
[Date "2009.09.09"]
[Round "9"]
[White "Abdulla, Khayala Mardan Qizi"]
[Black "Dines, Sheila J."]
[Result "1-0"]
[WhiteElo "2113"]
[BlackElo "1936"]
[PlyCount "39"]
[EventDate "2009.08.31"]

1. e4 e6 2. d4 d5 3. Nc3 Bb4 4. Nge2 dxe4 5. a3 Be7 6. Nxe4 f5 7. N4c3 Nf6 8.
Nf4 Nc6 9. Be3 g5 10. Nh5 Rg8 11. Nxf6+ Bxf6 12. Qh5+ Kf8 13. O-O-O f4 14. d5
Ne7 15. Ne4 Nxd5 16. Qh6+ Rg7 17. Bc5+ Kf7 18. Qh5+ Kg8 19. Nxf6+ Qxf6 20. Qe8+
1-0

[Event "C.to Europeo U16 femminile"]
[Site "Fermo ITA"]
[Date "2009.09.09"]
[Round "9"]
[White "Arabidze, Meri"]
[Black "Kazimova, Narmin Nizami Qizi"]
[Result "1/2-1/2"]
[WhiteElo "2217"]
[BlackElo "2218"]
[PlyCount "97"]
[EventDate "2009.08.31"]

1. d4 Nf6 2. c4 e6 3. Nf3 b6 4. a3 d5 5. cxd5 exd5 6. Nc3 Bb7 7. Qc2 a6 8. Bg5
Nbd7 9. e3 Be7 10. Bd3 O-O 11. O-O Re8 12. Rad1 Ne4 13. Bf4 Bf8 14. Ne5 Ndf6
15. f3 Nxc3 16. bxc3 Bxa3 17. Bg5 h6 18. Bh4 Be7 19. Bf5 a5 20. g4 Bc8 21. Bd3
Bd7 22. Kh1 g5 23. Bg3 Bd6 24. h4 Kg7 25. Kg2 Qe7 26. Rh1 Rh8 27. Qd2 Rag8 28.
Rdf1 Kf8 29. hxg5 hxg5 30. Rxh8 Rxh8 31. c4 dxc4 32. Bxc4 Be6 33. Bb5 Nd7 34.
Qc2 Nxe5 35. dxe5 Bc5 36. Qc1 Kg7 37. Rd1 Rd8 38. Rh1 f5 39. exf6+ Qxf6 40. Qc2
Rh8 41. Rxh8 Kxh8 42. Qe4 Bd6 43. Bd3 Bg8 44. f4 Qe7 45. Qg6 Qh7 46. Qf6+ Qg7
47. Qd8 Qe7 48. Be1 Qg7 49. Qe8 1/2-1/2

[Event "C.to Europeo U16 femminile"]
[Site "Fermo ITA"]
[Date "2009.09.09"]
[Round "9"]
[White "Bukhteeva, Viktoria"]
[Black "Adamowicz, Katarzyna"]
[Result "0-1"]
[WhiteElo "2175"]
[BlackElo "2121"]
[PlyCount "56"]
[EventDate "2009.08.31"]

1. e4 c5 2. Nf3 d6 3. d4 Nf6 4. Nc3 cxd4 5. Nxd4 a6 6. Bg5 e6 7. Qe2 Qc7 8. f4
Nbd7 9. O-O-O b5 10. a3 Bb7 11. g4 Be7 12. Bh4 Nc5 13. Bg2 O-O-O 14. g5 Nfd7
15. f5 e5 16. f6 gxf6 17. Nf5 Bf8 18. gxf6 Kb8 19. Kb1 Nb6 20. Rhf1 Nc4 21. Ne7
Qa5 22. Ncd5 Bxd5 23. Nxd5 Rc8 24. Be1 Qd8 25. b3 Nb6 26. Ba5 Nxd5 27. Rxd5
Qxa5 28. b4 Na4 0-1

[Event "C.to Europeo U16 femminile"]
[Site "Fermo ITA"]
[Date "2009.09.09"]
[Round "9"]
[White "Gijsen, Michelle"]
[Black "Yashchenko, Olena"]
[Result "1-0"]
[WhiteElo "1679"]
[BlackElo "1645"]
[PlyCount "107"]
[EventDate "2009.08.31"]

1. e4 c6 2. d4 d5 3. exd5 cxd5 4. c4 Nf6 5. Nc3 e6 6. Nf3 Be7 7. Qc2 Nc6 8. c5
O-O 9. Bb5 Qc7 10. Bxc6 Qxc6 11. Ne5 Qa6 12. b4 Nd7 13. Nf3 Qc4 14. Bd2 e5 15.
dxe5 d4 16. Qe4 Bg5 17. Nxg5 f5 18. Qd5+ Qxd5 19. Nxd5 Nxe5 20. Bf4 Nc4 21. O-O
h6 22. Nf3 g5 23. Ne7+ Kf7 24. Nxc8 Raxc8 25. Ne5+ Nxe5 26. Bxe5 Rfd8 27. Rad1
d3 28. Bd6 b6 29. Rxd3 bxc5 30. bxc5 Rxc5 31. Bxc5 Rxd3 32. Bxa7 Ra3 33. Bc5
Rxa2 34. g3 Rc2 35. Be3 Rc3 36. Rb1 Rc6 37. Rb7+ Kg6 38. Rb6 Rxb6 39. Bxb6 g4
40. Kg2 h5 41. Be3 Kf6 42. Kf1 Ke5 43. Ke2 Ke4 44. Bf4 Kd4 45. f3 Kd5 46. Ke3
Ke6 47. fxg4 hxg4 48. Kd4 Kf7 49. Ke5 Kg6 50. Ke6 Kh5 51. Bd6 Kg5 52. Be7+ Kg6
53. Bd8 Kh5 54. Kxf5 1-0

[Event "C.to Europeo U16 femminile"]
[Site "Fermo ITA"]
[Date "2009.09.09"]
[Round "9"]
[White "Meireles, Ana"]
[Black "Vasilescu, Maria"]
[Result "0-1"]
[WhiteElo "1611"]
[BlackElo "1761"]
[PlyCount "34"]
[EventDate "2009.08.31"]

1. e4 e5 2. Nf3 Nc6 3. Bb5 a6 4. Ba4 d6 5. c3 f5 6. exf5 Bxf5 7. O-O Bd3 8. Re1
e4 9. Nd4 Nge7 10. Nxc6 Nxc6 11. f3 d5 12. fxe4 Bc5+ 13. Kh1 O-O 14. exd5 Bf2
15. Rf1 Bxf1 16. Qxf1 Qh4 17. h3 Rae8 0-1

[Event "C.to Europeo U16 femminile"]
[Site "Fermo ITA"]
[Date "2009.09.09"]
[Round "9"]
[White "Meseljyan, Astghik"]
[Black "Salido Polo, Veronica"]
[Result "0-1"]
[WhiteElo "1774"]
[BlackElo "1880"]
[PlyCount "46"]
[EventDate "2009.08.31"]

1. e4 c5 2. Nf3 d6 3. d4 cxd4 4. Nxd4 Nf6 5. Nc3 g6 6. Be3 Bg7 7. f3 O-O 8. Bc4
Nc6 9. Qd2 Bd7 10. O-O-O Rc8 11. Bb3 Ne5 12. g4 b5 13. h4 h5 14. gxh5 Nxh5 15.
Rdg1 Kh7 16. Qe2 Nc4 17. Kb1 Nxe3 18. Qxe3 b4 19. Nce2 Bh6 20. Qf2 e5 21. f4
exd4 22. Qg2 Qf6 23. f5 gxf5 0-1

[Event "C.to Europeo U16 femminile"]
[Site "Fermo ITA"]
[Date "2009.09.09"]
[Round "9"]
[White "Monteiro Da Silva, Joana Filipa"]
[Black "Cavalli, Benedetta"]
[Result "0-1"]
[WhiteElo "1458"]
[BlackElo "1521"]
[PlyCount "90"]
[EventDate "2009.08.31"]

1. e4 e5 2. d4 exd4 3. c3 dxc3 4. Nxc3 Bb4 5. Qd4 Bxc3+ 6. Qxc3 Nf6 7. Bg5 O-O
8. Qc2 h6 9. Bh4 Nc6 10. Nf3 d6 11. Bc4 g5 12. Bg3 Nxe4 13. O-O-O Bf5 14. Qb3
Na5 15. Qb4 Nxc4 16. Qxc4 h5 17. h4 Nxg3 18. fxg3 g4 19. Ng5 Qd7 20. Rhf1 Bg6
21. Rf6 Kg7 22. Qd4 Qc6+ 23. Kd2 Qc2+ 24. Ke1 Rae8+ 25. Re6+ Kg8 26. Rd2 Qf5
27. Rf2 Rxe6+ 28. Nxe6 Qxe6+ 29. Kf1 Re8 30. Kg1 Qxa2 31. Qf6 Qb1+ 32. Rf1 Re1
33. Qd8+ Kh7 34. Qf6 Rxf1+ 35. Qxf1 Qxf1+ 36. Kxf1 Kg7 37. b4 c5 38. bxc5 dxc5
39. Ke1 a5 40. Kf1 a4 41. Kf2 a3 42. Kg1 a2 43. Kh2 f5 44. Kh1 f4 45. gxf4 g3
0-1

[Event "C.to Europeo U16 femminile"]
[Site "Fermo ITA"]
[Date "2009.09.09"]
[Round "9"]
[White "Neuhauser, Salome"]
[Black "Palmitessa, Chiara"]
[Result "0-1"]
[WhiteElo "2021"]
[BlackElo "1807"]
[PlyCount "112"]
[EventDate "2009.08.31"]

1. c4 e5 2. Nc3 Nc6 3. g3 d6 4. Bg2 f5 5. e3 Nf6 6. Nge2 Be7 7. O-O O-O 8. d4
Qe8 9. Nd5 Bd8 10. dxe5 Nxe5 11. b3 Qh5 12. Nef4 Qh6 13. Bb2 g5 14. Nd3 Nfg4
15. h3 Nxd3 16. Qxd3 Ne5 17. Qd1 c6 18. f4 Nf7 19. Nc3 Bb6 20. Qd2 Re8 21. Rae1
gxf4 22. Rxf4 Ne5 23. Kh1 Qg5 24. Kh2 Re6 25. e4 Ng6 26. Rf2 Qxd2 27. Rxd2 f4
28. Ne2 fxg3+ 29. Nxg3 Ba5 30. Red1 Bxd2 31. Rxd2 Nf4 32. Bf3 Rh6 33. h4 Rxh4+
34. Kg1 Rh3 35. Kf2 Rh2+ 36. Ke3 Rxd2 37. Kxd2 Be6 38. Ke3 Ng6 39. Nh5 Ne5 40.
Nf6+ Kg7 41. Ng4 Bxg4 42. Bxg4 Kh6 43. Bf5 Rg8 44. Ba3 c5 45. Kf4 Nd3+ 46. Kf3
Rg1 47. Ke2 Ne5 48. Bc8 b6 49. Kd2 Rg2+ 50. Kc3 Kh5 51. Bf5 h6 52. Bc1 Rg3+ 53.
Kc2 Rf3 54. a3 Nc6 55. Bc8 Nd4+ 56. Kd1 Rf1+ 0-1

[Event "C.to Europeo U16 femminile"]
[Site "Fermo ITA"]
[Date "2009.09.09"]
[Round "9"]
[White "Petrova, Irina"]
[Black "Khalafova, Narmin Ilgar Qizi"]
[Result "0-1"]
[WhiteElo "1987"]
[BlackElo "1901"]
[PlyCount "46"]
[EventDate "2009.08.31"]

1. d4 Nf6 2. c4 g6 3. Nc3 Bg7 4. e4 d6 5. f3 O-O 6. Bg5 c5 7. d5 e6 8. Qd2 exd5
9. cxd5 h6 10. Be3 h5 11. Bd3 Nbd7 12. Nge2 Ne5 13. O-O-O a6 14. h3 b5 15. f4
Nxd3+ 16. Qxd3 Re8 17. g4 b4 18. Nb1 Nxe4 19. gxh5 Qf6 20. Qc2 Bf5 21. hxg6 Nc3
22. gxf7+ Kxf7 23. Qd2 Nxa2# 0-1

[Event "C.to Europeo U16 femminile"]
[Site "Fermo ITA"]
[Date "2009.09.09"]
[Round "9"]
[White "Schulz, Anja"]
[Black "Hughes, Rhian"]
[Result "1-0"]
[WhiteElo "1987"]
[BlackElo "1850"]
[PlyCount "35"]
[EventDate "2009.08.31"]

1. e4 d5 2. exd5 Qxd5 3. Nc3 Qa5 4. d4 Nf6 5. Bd2 c6 6. Bc4 Bf5 7. Qe2 e6 8. d5
cxd5 9. Nxd5 Qd8 10. Nxf6+ gxf6 11. O-O-O Qc7 12. Bc3 Be7 13. Kb1 Rg8 14. Nf3
a6 15. Nd4 Bg6 16. f4 f5 17. h4 h5 18. Nxe6 1-0

[Event "C.to Europeo U16 femminile"]
[Site "Fermo ITA"]
[Date "2009.09.09"]
[Round "9"]
[White "Schut, Lisa"]
[Black "Brunello, Marina"]
[Result "1-0"]
[WhiteElo "2212"]
[BlackElo "2159"]
[PlyCount "59"]
[EventDate "2009.08.31"]

1. e4 e5 2. Nf3 Nc6 3. Bb5 a6 4. Ba4 d6 5. O-O Bd7 6. c3 g6 7. d4 Bg7 8. d5
Nce7 9. Bxd7+ Qxd7 10. Be3 h6 11. Nfd2 f5 12. f3 Nf6 13. c4 O-O 14. Nc3 f4 15.
Bf2 g5 16. c5 Rf7 17. Nc4 Nc8 18. Qb3 Rb8 19. c6 Qe7 20. Qxb7 Rf8 21. Qxb8 Nb6
22. Qb7 Nxc4 23. Qxa6 Ne3 24. Bxe3 fxe3 25. Qe2 h5 26. Qxe3 Bh6 27. g4 Qf7 28.
b4 Qg6 29. h3 hxg4 30. fxg4 1-0